Bài tập hình học họa hình : Sách dùng cho các trường cao đẳng sư phạm (có hướng dẫn giải)
Nội dung sách trình bày sát với nội dung giáo trình Hình học họa hình- CĐSP. Sách gồm 3 phần các đề bài tập, hướng dẫn giải bài tập, đề bài của bài tập lớn số 1 và hướng dẫn cách giải và hình thức trình bày bài tập...
Đã lưu trong:
| Hovedforfatter: | |
|---|---|
| Format: | Bog |
| Sprog: | Undetermined |
| Udgivet: |
Hà Nội
Giáo dục
2003
|
| Fag: | |
| Tags: |
Tilføj Tag
Ingen Tags, Vær først til at tagge denne postø!
|
| Thư viện lưu trữ: | Trung tâm Học liệu Trường Đại học Cần Thơ |
|---|
| LEADER | 01117nam a2200229Ia 4500 | ||
|---|---|---|---|
| 001 | CTU_45194 | ||
| 008 | 210402s9999 xx 000 0 und d | ||
| 020 | |c 15500 | ||
| 082 | |a 516.6 | ||
| 082 | |b C550 | ||
| 100 | |a Nguyễn, Quang Cự | ||
| 245 | 0 | |a Bài tập hình học họa hình : | |
| 245 | 0 | |b Sách dùng cho các trường cao đẳng sư phạm (có hướng dẫn giải) | |
| 245 | 0 | |c Nguyễn Quang Cự | |
| 260 | |a Hà Nội | ||
| 260 | |b Giáo dục | ||
| 260 | |c 2003 | ||
| 520 | |a Nội dung sách trình bày sát với nội dung giáo trình Hình học họa hình- CĐSP. Sách gồm 3 phần các đề bài tập, hướng dẫn giải bài tập, đề bài của bài tập lớn số 1 và hướng dẫn cách giải và hình thức trình bày bài tập | ||
| 650 | |a Geometry, descriptive,Hình học, họa hình | ||
| 650 | |x Problems, exercises, etc.,Câu hỏi và bài tập, v.v... | ||
| 904 | |i Huỳnh Mai | ||
| 980 | |a Trung tâm Học liệu Trường Đại học Cần Thơ | ||